UBT Library

WHAT TO EXPECT WHEN YOURE EXPECTING (Record no. 10565)

000 -LEADER
fixed length control field 00309nam a22001337a 4500
008 - FIXED-LENGTH DATA ELEMENTS--GENERAL INFORMATION
fixed length control field 170412b xxu||||| |||| 00| 0 eng d
020 ## - INTERNATIONAL STANDARD BOOK NUMBER
International Standard Book Number 9780894808296
041 ## - LANGUAGE CODE
Language code of text/sound track or separate title eng
080 ## - UNIVERSAL DECIMAL CLASSIFICATION NUMBER
Universal Decimal Classification number 618
100 ## - Rafti
Rafti 10
101 ## - Shkurtesa
Shkurtesa shm
245 ## - TITLE STATEMENT
Title WHAT TO EXPECT WHEN YOURE EXPECTING
Statement of responsibility, etc EISENBERG,A
942 ## - ADDED ENTRY ELEMENTS (KOHA)
Source of classification or shelving scheme
Item type Books
Holdings
Withdrawn status Lost status Source of classification or shelving scheme Damaged status Not for loan Collection code Permanent location Current location Shelving location Date acquired Total Checkouts Full call number Date last seen Price effective from Koha item type Barcode
          Koleksioni i përgjithshem UBT - Lipjan UBT - Lipjan Koleksioni i përgjithshem 04/12/2017   002-279695 04/12/2017 04/12/2017 Books  
          Koleksioni i përgjithshem UBT - Lipjan UBT - Lipjan Koleksioni i përgjithshem 04/12/2017   618 EIS 04/12/2017 04/12/2017 Books 002-279685
          Koleksioni i përgjithshem UBT - Lipjan UBT - Lipjan Koleksioni i përgjithshem 04/12/2017   618 EIS 04/12/2017 04/12/2017 Books 002-279690
          Koleksioni i përgjithshem UBT - Lipjan UBT - Lipjan Koleksioni i përgjithshem 04/12/2017   618 EIS 04/12/2017 04/12/2017 Books 002-279680
          Koleksioni i përgjithshem UBT - Lipjan UBT - Lipjan Koleksioni i përgjithshem 04/12/2017   618 EIS 04/12/2017 04/12/2017 Books 002-279662
UBT Library © 2015-2024. All rights reserved University Education for Business and Technology